000 00308nam a22001457a 4500
008 221216b ||||| |||| 00| 0 eng d
020 _a9781640430327
041 _aeng
080 _a579
082 _a579LEB
100 _a17
101 _aMIKRO
245 _aMOCROBIOLOGY
_cLEBOFFE.J.M
942 _2udc
_cBK
999 _c59198
_d59198